[Event "GER-ch39 V08 email"]
[Site "GER email"]
[Date "2008.10.10"]
[Round "?"]
[White "Ketelhoehn, Bernd"]
[Black "Steinbrueck, Wolfgang"]
[Result "1-0"]
[WhiteElo "2206"]
[BlackElo "2144"]
[PlyCount "95"]
[EventDate "2007.??.??"]
[EventType "tourn (corr)"]
[EventRounds "10"]
[EventCountry "GER"]
[SourceTitle "Corr 2011"]
[Source "ChessBase"]
[SourceDate "2010.08.31"]
[SourceVersion "1"]
[SourceVersionDate "2010.08.31"]
[SourceQuality "1"]

1. d4 Nf6 2. Nc3 d5 3. Bg5 Nbd7 4. Nf3 g6 5. e3 Bg7 6. Bd3 0-0 7. 0-0 c6 8. h3 Re8 9. Bf4 Nh5 10. Ne2 Nxf4 11. exf4 f6 12. f5 Nf8 13. Ng3 e5 14. fxe6 Qb6 15. Re1 Qxb2 16. e7 Ne6 17. h4 Qb4 18. h5 Nf4 19. hxg6 hxg6 20. Nh4 Nxd3 21. cxd3 Rxe7 22. Rxe7 Qxe7 23. Nxg6 Qf7 24. Qh5 Be6 25. Nf5 Bxf5 26. Qxf5 Re8 27. Nh4 Bf8 28. Rb1 a5 29. Qg4+ Qg7 30. Qh5 Qf7 31. Qxf7+ Kxf7 32. Rxb7+ Kg8 33. Kf1 Bb4 34. Nf3 Rc8 35. Ke2 c5 36. Rb5 cxd4 37. Nxd4 Rc3 38. Ke3 Kf7 39. g4 Ra3 40. Nc2 Rxa2 41. Nxb4 axb4 42. Rxb4 Ke6 43. Rb6+ Ke7 44. Rb4 Ke6 45. f3 Ra6 46. Kd4 Kd6 47. f4 Kc6 48. g5 1-0

[Event "GER-Cup17 qual-18 Server email"]
[Site "GER email"]
[Date "2008.05.22"]
[Round "?"]
[White "Lautenbach, Walter"]
[Black "Steinbrueck, Wolfgang"]
[Result "0-1"]
[WhiteElo "1961"]
[BlackElo "2144"]
[PlyCount "46"]
[EventDate "2008.??.??"]
[EventType "tourn (corr)"]
[EventRounds "6"]
[EventCountry "GER"]
[SourceTitle "Corr 2011"]
[Source "ChessBase"]
[SourceDate "2010.08.31"]
[SourceVersion "1"]
[SourceVersionDate "2010.08.31"]
[SourceQuality "1"]

1. e4 c5 2. Nf3 Nc6 3. Bb5 g6 4. 0-0 Bg7 5. c3 Nf6 6. Qe2 0-0 7. Rd1 d5 8. d3 Qb6 9. Na3 a6 10. Ba4 h6 11. Bf4 Nh5 12. Bd2 dxe4 13. dxe4 Qc7 14. Bc2 b5 15. Qe3 c4 16. Rab1 Rd8 17. b3 Bg4 18. bxc4 Ne5 19. cxb5 Bxf3 20. gxf3 Qc8 21. Kg2 axb5 22. Bc1 Rxd1 23. Bxd1 Rxa3 0-1

[Event "GER-Cup17 qual-18 Server email"]
[Site "GER email"]
[Date "2008.05.22"]
[Round "?"]
[White "Warzecha, Helmut"]
[Black "Steinbrueck, Wolfgang"]
[Result "1/2-1/2"]
[WhiteElo "2095"]
[BlackElo "2144"]
[PlyCount "51"]
[EventDate "2008.??.??"]
[EventType "tourn (corr)"]
[EventRounds "6"]
[EventCountry "GER"]
[SourceTitle "Corr 2011"]
[Source "ChessBase"]
[SourceDate "2010.08.31"]
[SourceVersion "1"]
[SourceVersionDate "2010.08.31"]
[SourceQuality "1"]

1. e4 c5 2. Nf3 Nc6 3. d4 cxd4 4. Nxd4 Nf6 5. Nc3 e5 6. Ndb5 d6 7. Nd5 Nxd5 8. exd5 Ne7 9. c3 Nf5 10. Bd3 a6 11. Na3 Be7 12. 0-0 0-0 13. Nc4 b5 14. Ne3 Nxe3 15. Bxe3 Bd7 16. f4 f5 17. Qd2 e4 18. Be2 Rf6 19. Rac1 Qb8 20. c4 Bd8 21. a3 a5 22. b3 Bb6 23. Rfd1 b4 24. Bxb6 Qxb6+ 25. Qd4 Qb8 26. Ra1 1/2-1/2

[Event "GER MS-027 email"]
[Site "GER email"]
[Date "2006.08.23"]
[Round "?"]
[White "Steinbrueck, Wolfgang"]
[Black "Dorer, Manfred"]
[Result "1/2-1/2"]
[WhiteElo "2089"]
[BlackElo "2053"]
[PlyCount "81"]
[EventDate "2006.??.??"]
[EventType "tourn (corr)"]
[EventRounds "6"]
[EventCountry "GER"]
[SourceTitle "Corr 2008"]
[Source "ChessBase"]
[SourceDate "2008.06.24"]
[SourceVersion "1"]
[SourceVersionDate "2008.06.24"]
[SourceQuality "1"]

1. e4 c5 2. Nf3 Nc6 3. d4 cxd4 4. Nxd4 Nf6 5. Nc3 e5 6. Ndb5 d6 7. Bg5 a6 8. Na3 b5 9. Nd5 Be7 10. Bxf6 Bxf6 11. c3 0-0 12. Nc2 Bg5 13. a4 bxa4 14. Rxa4 a5 15. Bc4 Rb8 16. b3 Kh8 17. Nce3 g6 18. 0-0 f5 19. Qf3 Bd7 20. Raa1 f4 21. Nc2 Ne7 22. Rfc1 Nxd5 23. Bxd5 Qc8 24. h3 Qc7 25. Na3 Rfc8 26. Nc4 Rb5 27. Nb2 Kg7 28. Ra3 Bd8 29. Bc4 Rbb8 30. Rca1 Qc6 31. Qd3 Bb6 32. Na4 Ba7 33. Qf3 Qc7 34. Nb2 Bb6 35. Rd1 Bc5 36. Raa1 Bc6 37. Na4 Ba7 38. Rd2 Qe7 39. Nb2 Bb6 40. Ra2 Rc7 41. Kh2 1/2-1/2

[Event "GER MS-027 email"]
[Site "GER email"]
[Date "2006.08.23"]
[Round "?"]
[White "Steinbrueck, Wolfgang"]
[Black "Herzog, Klaus"]
[Result "1-0"]
[WhiteElo "2089"]
[BlackElo "1849"]
[PlyCount "31"]
[EventDate "2006.??.??"]
[EventType "tourn (corr)"]
[EventRounds "6"]
[EventCountry "GER"]
[SourceTitle "Corr 2008"]
[Source "ChessBase"]
[SourceDate "2008.06.24"]
[SourceVersion "1"]
[SourceVersionDate "2008.06.24"]
[SourceQuality "1"]

1. e4 e5 2. Nf3 Nc6 3. d4 exd4 4. Nxd4 Qh4 5. Nc3 Bb4 6. Be2 Qxe4 7. Ndb5 Kd8 8. 0-0 Bxc3 9. Nxc3 Qe5 10. Re1 Nf6 11. Bf3 Qd4 12. Qe2 Re8 13. Be3 Qh4 14. Qd2 h6 15. Bf4 d6 16. Nb5 1-0